| 000 | 00668cam a2200205 i 4500 | ||
|---|---|---|---|
| 999 |
_c12336 _d12336 |
||
| 003 | OSt | ||
| 005 | 20240117130853.0 | ||
| 008 | 170727t20182018ii abe b 000 0 eng d | ||
| 020 |
_a9789385360220 _q(hardcover) |
||
| 043 | _aa-ii--- | ||
| 082 | 0 | 4 |
_a721.044 _223 _bDES |
| 100 | 1 |
_aDesai, Miki, _d1947- _eauthor. |
|
| 245 | 1 | 0 |
_aWooden architecture of Kerala / _bMiki Desai. |
| 300 |
_a279 pages : _billustrations (chiefly color), map, plans (some color) ; _c27 cm |
||
| 504 | _aIncludes bibliographical references ( pages 266-268). | ||
| 650 | 0 |
_aBuilding, Wooden _zIndia _zKerala. |
|
| 650 | 7 |
_aBuilding, Wooden. _2fast |
|
| 651 | 7 |
_aIndia _zKerala. _2fast |
|
| 942 | _2ddc | ||